000
00258nam a22000977a 4500
999
_c
11782
_d
11782
008
200217b ||||| |||| 00| 0 eng d
020
_a
0689835604
100
_a
Katz Karen
_9
7466
245
_a
Where is baby's belly button
260
_a
New York
_b
Little Simon
_c
2000